WAVE PROPAGATION IN ANISOTROPIC CYLINDERS

Bibliographic Details
Main Author: Markuš, Štefan (Author)
Format: Article
Language:English
ISBN:8022806323

MARC

LEADER 00000naa a2200000uu 4500
001 vtls010952047
003 SK-MaSNL
005 20260302123624.0
008 210906|1997 xo |||||||||||||||||eng|
015 |a SNBRA 
035 |a (urnnbn)urn:nbn:sk:snk:ar-a0bkia 
035 |a (uuid)c4763e84-a441-4dad-aced-ebfa5223857d 
035 |a urn:nbn:sk:snk-aaucj7 
040 |a SNKBUCL  |b slo  |c SNKBUCL  |e AACR2 
041 0 |a eng 
044 |a xo  |c SK 
100 1 |a Markuš, Štefan  |4 aut  |9 560467 
245 1 0 |a WAVE PROPAGATION IN ANISOTROPIC CYLINDERS  |c Štefan Markuš 
773 0 |t Acoustics - High Tatras '97  |d Zvolen : Technická univerzita, 1997  |g S. 33-37  |z 8022806323 
958 |a OND 
958 |a article11 
958 |a chapter 
999 |c 1283942  |d 1285872